Implementing IT governance : a practical guide to global best practices in IT management.
| Main Author: | |
|---|---|
| Format: | Book |
| Published: |
Zaltbommel:
Van Haren Publishing,
2008.
|
| Subjects: |
| LEADER | 00481cam a2200145 7i4500 | ||
|---|---|---|---|
| 001 | 0000031664 | ||
| 005 | 20140912090000.0 | ||
| 020 | 0 | 0 | |a 9789087531195 |
| 090 | 0 | 0 | |a B 658.4038 |b SEL |
| 100 | 1 | 0 | |a Selig |
| 245 | 1 | 0 | |a Implementing IT governance : |b a practical guide to global best practices in IT management. |
| 260 | 0 | 0 | |a Zaltbommel: |b Van Haren Publishing, |c 2008. |
| 300 | # | # | |a 298 p. |
| 650 | 0 | 0 | |a Information technology -- |x Management |
| 999 | |a B000035049 |b Book |c Book |e Business Information Centre | ||


